000 00446cam a2200181ua 4500
020 _c3.00
041 _ahin
_h
082 _a891.43
_bVRI/KO
100 _aVrindhavanlal, Varma .
245 _aKothval ki karamath /
_cVrindhavanlal Varrma.
_hTextual Documents
250 _a1 /
_b.
260 _a :
_bGanga Pustakamala Karyalay ,
_c1964.
300 _a142 ; .
365 _a3.00
504 _a
942 _cBK
999 _c12732
_d12732